00881 2200361 4500001002100000005001500021035002000036245005100056100001800107250000600125300003500131260002900166082001000195084001600205020002200221650002000243990001600263990001600279990001600295990001600311990001600327990001600343990001600359990001600375990001600391990001600407990001600423990001600439990001600455990001600471990001600487990001600503INLIS00000000003883920260629030212 a0010-06260000271 aAl-Qur'an dan Kitab Terdahulu /cPutra Perdana0 aPutra Perdana a- a24 hal. :bIlus. ;c21 x 20 cm aKebumen :bLingkar Media a741.5 a741.5 PUT a a978-623-7868-80-4 4aCeita Bergambar a38790/PB/26 a38790/PB/26 a38790/PB/26 a38790/PB/26 a38790/PB/26 a38790/PB/26 a38790/PB/26 a38790/PB/26 a38790/PB/26 a38790/PB/26 a38790/PB/26 a38790/PB/26 a38790/PB/26 a38790/PB/26 a38790/PB/26 a38790/PB/26